000 00984cab a22001935a 4500
001 L142665
008 080213e20080222xxka f 000 0 eng d
035 _a(Sirsi) u142665
041 0 _aeng
100 1 _aEade, Christine
245 0 0 _aRegional report
_bBristol, Bath and Swindon
260 _c2008
490 0 _aProperty Week
_v73(8) 22 February 2008, 85-116(9)
520 _aReports on market news and developments from the region; development plans for the area around Bristol Temple Meads historic railway station; what shoppers can expect from Cabot Circus shopping centre, Bristol; the Castlemore office development scheme; plans to develop industrial property at the former Rolls-Royce site at Filton; problems facing retail and leisure developers in Swindon; the fight between developers and protectionists over historic Bath.
590 _aKA
651 4 _aSouth West (England)
_y1994-
690 _aPROPERTY-COMMERCIAL PROPERTY-COMMERCIAL PROPERTY MARKET
942 _n0
999 _c79903
_d79903